000 00423nam a2200157Ia 4500
008 210716s1985 xx 000 0 und d
020 _a0835919986
041 _aeng
082 _a658.15 KIMS
100 _aKim, Suk H;Guithues, Henry J;Garg, Ramesh.
245 _aFinancial principles.
250 _a2
260 _aVirginia
_bReston Publishing Companey Inc
_c1985
300 _axi,466
650 _aFinancial Management
999 _c202960
_d202960